The Time Machine: (Record no. 215105)

MARC details
000 -LEADER
fixed length control field 00846nam a22001937a 4500
005 - DATE AND TIME OF LATEST TRANSACTION
control field 20260511105216.0
010 ## - LCCN (DPL NO)
LC control number B-778915-922 BACEN26
020 ## - INTERNATIONAL STANDARD BOOK NUMBER
International Standard Book Number 9789349919167
Terms of availability 199.00
035 ## - SYSTEM CONTROL NUMBER
System control number B-778915-922
037 ## - SOURCE OF ACQUISITION
Source of stock number/acquisition Intercontinental books Agency
082 ## - DEWEY DECIMAL CLASSIFICATION NUMBER
Classification number N
100 ## - MAIN ENTRY--PERSONAL NAME
Personal name Wells, H.G.
245 ## - TITLE STATEMENT
Title The Time Machine:
Remainder of title an invention /
Statement of responsibility, etc by H.G. Wells
260 ## - PUBLICATION, DISTRIBUTION, ETC. (IMPRINT)
Place of publication, distribution, etc New Delhi
Name of publisher, distributor, etc Feel Classics
Date of publication, distribution, etc 2025
270 ## - ADDRESS
Address 4381/4 Ansari Road, Daryaganj
City New Delhi
Postal code 110002
300 ## - PHYSICAL DESCRIPTION
Extent 116p.
Dimensions 20cm(Pb)
942 ## - ADDED ENTRY ELEMENTS (KOHA)
Source of classification or shelving scheme Dewey Decimal Classification
Item type English Books
Classification part N
Call number suffix WEL
Holdings
Withdrawn status Lost status Not for loan Collection code Home library Current library Date acquired Source of acquisition Cost, normal purchase price Full call number Barcode Copy number Cost, replacement price Koha item type
      Fiction Andrews Gunj Andrews Gunj 11/05/2026 Intercontinental books Agency/IN7945/25.03.2026/1227/24.03.2026/26.03.2026 199.00 N WEL B-778918 1 199.00 English Books
      Fiction Ashok Vihar Ashok Vihar 11/05/2026 Intercontinental books Agency/IN7945/25.03.2026/1227/24.03.2026/26.03.2026 199.00 N WEL B-778915 1 199.00 English Books
      Fiction Bawana Bawana 11/05/2026 Intercontinental books Agency/IN7945/25.03.2026/1227/24.03.2026/26.03.2026 199.00 N WEL B-778920 1 199.00 English Books
      Fiction Janak Puri Janak Puri 11/05/2026 Intercontinental books Agency/IN7945/25.03.2026/1227/24.03.2026/26.03.2026 199.00 N WEL B-778917 1 199.00 English Books
      Fiction Patel Nagar Patel Nagar 11/05/2026 Intercontinental books Agency/IN7945/25.03.2026/1227/24.03.2026/26.03.2026 199.00 N WEL B-778916 1 199.00 English Books
      Fiction RC4 Seelam Pur RC4 Seelam Pur 11/05/2026 Intercontinental books Agency/IN7945/25.03.2026/1227/24.03.2026/26.03.2026 199.00 N WEL B-778922 1 199.00 English Books
      Fiction Shahdara Branch Shahdara Branch 11/05/2026 Intercontinental books Agency/IN7945/25.03.2026/1227/24.03.2026/26.03.2026 199.00 N WEL B-778921 1 199.00 English Books
      Fiction Vinoba Puri Vinoba Puri 11/05/2026 Intercontinental books Agency/IN7945/25.03.2026/1227/24.03.2026/26.03.2026 199.00 N WEL B-778919 1 199.00 English Books

© Delhi Public Library
Hit Counter
free hit counter